World Capitals - Sudden Death - Statistics

General Stats
  • This quiz has been taken 19,665 times
    943 since last reset
  • The average score is 32 of 100
Answers on the Grid
Answers color-coded by a green-red scale on the quiz's grid according to % correct below.
Abidjan
Addis Ababa
Aleppo
Alexandria
Almaty
Amman
Andorra la Vella
Antwerp
Asmara
Asunción
Athens
Bangalore
Bangalore
Bangkok
Bangui
Barcelona
Basseterre
Beirut
Belgrade
Belize City
Belmopan
Benghazi
Berlin
Birmingham
Bishkek
Bissau
Bogotà
Bonn
Bonn
Braga
Brasilia
Bratislava
Bridgetown
Brisbane
Brno
Buenos Aires
Calgary
Cali
Canberra
Caracas
Casablanca
Castries
Kharkiv
Chongqing
Cluj-Napoca
Conakry
Cork
Cusco
Dar es Salaam
Dhaka
Dili
Dodoma
Doha
Dubai
Durban
Durrës
Fez
Frankfurt
Funafuti
Gdańsk
Geneva
Gitega
Giza
Glasgow
Göteborg
Guadalajara
Hamburg
Harare
Helsinki
Ho Chi Minh City
Honiara
Houston
Ibadan
Islamabad
Istanbul
Jeddah
Johannesburg
Juba
Kabul
Karachi
Kathmandu
Kinshasa
Kolkata
Kraków
Kuwait City
La Plata
Lagos
Lahore
León
Lilongwe
Lima
Linz
Ljubljana
London
Los Angeles
Luanda
Lyon
Ciudad de la Paz
Malé
Malmö
Manama
Manaus
Manchester
Manila
Marrakech
Marseille
Mashhad
Mecca
Medellín
Melbourne
Mexico City
Milan
Monaco
Monrovia
Montréal
Moroni
Mosul
Mumbai
Munich
Muscat
N'Djamena
Nagoya
Nairobi
Nassau
Naypyidaw
New York
Ngerulmud
Niamey
Nizhny Novgorod
Nouakchott
Novi Sad
Odesa
Osaka
Oslo
Ouagadougou
Palikir
Panama City
Paramaribo
Paris
Perth
Phnom Penh
Port Louis
Port Moresby
Port of Spain
Port-au-Prince
Porto
Porto Alegre
Porto-Novo
Quito
Reykjavík
Riga
Rio de Janeiro
Rome
Rosario
Roseau
Rostov-on-Don
Rotterdam
Saint Petersburg
San Marino
Sanaa
São Paulo
Sapporo
Serravalle
Shanghai
Skopje
Smyrna
Sofia
Sri Jayawardenapura Kotte
St. George's
St. John's
St. Louis
Stockholm
Surabaya
Suva
Sydney
Tashkent
Tegucigalpa
Thessaloniki
Thimphu
Tianjin
Tirana
Toronto
Tripoli
Ufa
Ulaanbaatar
Valencia
Vancouver
Varna
Victoria
Vientiane
Vilnius
Wellington
Wuhan
Yamoussoukro
Yangon
Yaoundé
Yerevan
Yokohama
Zagreb
Zurich
 
Answer Stats
Answer % Correct
Mexico City
46%
Paris
46%
Oslo
44%
Stockholm
44%
Brasilia
43%
Athens
42%
Berlin
42%
Kuwait City
42%
London
42%
Rome
41%
Sofia
41%
Beirut
40%
Lima
40%
Ljubljana
40%
Port-au-Prince
40%
Riga
40%
Zagreb
40%
Bangkok
39%
Buenos Aires
39%
Doha
39%
Helsinki
39%
Belgrade
38%
Canberra
38%
Panama City
38%
Reykjavík
38%
Skopje
38%
Wellington
38%
Andorra la Vella
37%
Islamabad
37%
Manila
37%
Monaco
37%
Nairobi
37%
Tirana
37%
Vilnius
37%
Dhaka
36%
Kabul
36%
Kathmandu
36%
Ulaanbaatar
36%
Bratislava
35%
Caracas
35%
San Marino
35%
Asunción
34%
Bogotà
34%
Sri Jayawardenapura Kotte
34%
Tripoli
34%
Addis Ababa
33%
Quito
33%
Kinshasa
32%
Phnom Penh
32%
Port Moresby
32%
Sanaa
32%
Bishkek
31%
Muscat
31%
Tashkent
31%
Yerevan
31%
Dili
30%
Malé
30%
Nassau
30%
N'Djamena
30%
Amman
29%
Harare
29%
Ouagadougou
29%
Tegucigalpa
29%
Vientiane
29%
Belmopan
28%
Luanda
28%
Port of Spain
28%
Suva
28%
Thimphu
28%
Dodoma
27%
Funafuti
27%
Manama
27%
Naypyidaw
27%
Niamey
27%
Paramaribo
27%
Yamoussoukro
27%
Bissau
26%
Bridgetown
26%
Monrovia
26%
Basseterre
25%
Conakry
25%
Lilongwe
25%
Porto-Novo
25%
Port Louis
24%
Asmara
23%
Bangui
23%
Castries
23%
Roseau
23%
St. John's
23%
Victoria
23%
Yaoundé
23%
Moroni
22%
Ngerulmud
22%
Nouakchott
22%
St. George's
22%
Gitega
21%
Honiara
21%
Palikir
21%
Juba
20%
Ciudad de la Paz
16%
No matching quizzes found
Score Distribution
Percent of People with Each Score
Percentile by Number Answered
Your Score History
You have not taken this quiz since the last reset